Guess 30 Galatasaray footballers by image - Statistics

General Stats
  • This quiz has been taken 483 times
  • The average score is 22 of 30
Answer Stats
Picture Answer % Correct
Didier Drogba
96%
Mauro Icardi
94%
Dries Mertens
92%
Wesley Sneijder
92%
Fernando Muslera
91%
Lucas Torreira
89%
Radamel Falcao
89%
Arda Turan
88%
Juan Mata
88%
Lukas Podolski
87%
Nicolò Zaniolo
86%
Bafetimbi Gomis
84%
Ryan Babel
82%
Gheorghe Hagi
81%
Felipe Melo
79%
Burak Yilmaz
73%
Hamit Altıntop
71%
Jason Denayer
68%
Goran Pandev
64%
Selcuk Inan
64%
Emmanuel Eboue
63%
Claudio Taffarel
62%
Fernando
61%
Hakan Sukur
61%
Haris Seferovic
61%
Alex Telles
60%
Emre Belozoglu
58%
Frank de Boer
51%
Kostas Mitroglu
50%
Gheorghe Popescu
37%
No matching quizzes found
Score Distribution
Percent of People with Each Score
Percentile by Number Answered
Your Score History
You have not taken this quiz